Регионална библиотека "Любен Каравелов" - Русе

Тодор Живков (Запис номер 67267)

MARC детайли
000 -Лидер
Контролно поле с фиксирана дължина 01549nam a2200409 c 4500
003 - Код на организацията, давaща контролен номер
Контролно поле BLK
005 - Дата и час на последна редакция
Контролно поле 20250127100131.0
008 - Елементи от данни с фиксирана дължина
fixed length control field 180408b bul|||||r ||||||| ||bul||
010 ## - Наследен системен номер
LC control number KNG00071577000
020 ## - Международен стандартен номер на книга ISBN
Международен стандартен номер на книга ISBN 954-9890-82-1
040 ## - Източник на каталожния запис
Идентификатор на билиотеката - собственик на записа BLK
041 ## - Код за език
Код за езика на текст/звукозапис или на отделно заглавие Български
Код за езика КДБФ Български
080 ## - УДК
Текстов определител УДК Политически партии и движения
УДК код - определител по УДК 329
УДК определител (497.2)БКП(091)(092)
УДК - код + определител 329(497.2)БКП(091)(092)
080 ## - УДК
Текстов определител УДК Политика. Вж и 341 ; 342
УДК код - определител по УДК 32
УДК определител (497.2)(091)
УДК - код + определител 32(497.2)(091)
080 ## - УДК
Текстов определител УДК Български държавник, политик, деец на БКП
УДК код - определител по УДК 929 Живков, Тодор Христов
УДК - код + определител 929 Живков, Тодор Христов
100 1# - Редна дума - Автор
Автор Баева, Искра
Авторска отговорност първи автор
R(LIN) 367261
139 ## - Редно поле
Редна дума Баева, Искра
Авторски знак Живк - Ж 48
245 10 - Сведения за заглавието
Заглавие Тодор Живков
Редно поле (дума) Искра Баева.
257 ## - Страна на издаване
Страна на създаване/издаване България
260 ## - Област на издателските данни
Име на издателя, разпространителя и проч. КАМА
Година на издаване 2006
Място на издаване, разпространение и проч. София
300 ## - Физическа характеристика
Страници 128 с.
Размери/Мащаб 17 см
380 ## - Жанр
Жанр Обществени науки
490 ## - СЕРИИ (Колекции)
Име на серия Поредица Знаем ли...
№: серия 38
9 (RLIN) 202005
650 #4 - Допълнително описание по предмет – тема
Основно описание – тема или топоним БКП - дейци - биографии
9 (RLIN) 269251
650 #7 - Допълнително описание по предмет – тема
Основно описание – тема или топоним България - вътрешна и външна политика
Източник на редна или ключова дума
9 (RLIN) 149492
651 #4 - Допълнително описание по предмет - топоним
Географско понятие България
9 (RLIN) 241624
653 ## - Ключова дума – ненормативна
Ключова дума БКП
653 ## - Ключова дума – ненормативна
Ключова дума Тодор Живков
653 ## - Ключова дума – ненормативна
Ключова дума биографии
852 ## - Местоположение
Форматна сигнатура Цб І 41113
Фондова буква Основен фонд - ползва се само за читалня
856 4# - Електронен адрес и достъп
Електронен формат pdf - файл
856 4# - Електронен адрес и достъп
Електронен формат pdf - файл
999 ## - СИСТЕМНИ КОНТРОЛНИ НОМЕРА
Koha biblionumber 67267
Koha biblioitemnumber 67267
942 ## - АРТИКУЛИ
Вид на библиотечния материал Книги
Скрит в OPAC Не
Koha issues (borrowed), all copies 2
Периодичен библиозапис Да
944 ## - СЪЗДАВАНЕ И РЕДАКЦИЯ на ЗАПИСА
Създаване/Редакция Създаване
Дата на регистрацията/редакция 13.02.2007
Служител, извършил регистрацията/редакцията 30560
Статус, дата на статуса Геновева Генчева
944 ## - СЪЗДАВАНЕ И РЕДАКЦИЯ на ЗАПИСА
Създаване/Редакция Редакция
Дата на регистрацията/редакция 10.10.2007
999 ## - СИСТЕМНИ КОНТРОЛНИ НОМЕРА
Koha biblioitemnumber 67267
Наличности
Код за отписване Код за изгубен артикул Код за повреда Коз за рестрикции Код за отдаване Артикулен № Име на библиотеката - собственик Име на библиотеката, в която се намира в момента Статус (Текущо местоположение) Дата на вписване в системата Местоположение - отдел Цена в лева Инвентарен номер Систематично азбучна сигнатура Баркод Номер на екземпляра Цена в евро Служебна бележка Служебен тип на артикула Източник на класификационната схема
  Не е изгубен Не е повреден без рестрикции заемане за дома 111263 Регионална библиотека "Любен Каравелов" Русе Регионална библиотека "Любен Каравелов" Русе Заемна - подръчен фонд 2007-02-13 Заемна - подръчен фонд 3.50 120000709640 П 329(497.2)(092)/Ж 48 120000709640 1 1.79 Дост: Pk Вид: Ф N: 1668 Дата: 09.02.2007 Дата инв: 02.02.2018 Бележки инв: П2018 Книги  
  Не е изгубен Не е повреден без рестрикции заемане за дома 111264 Регионална библиотека "Любен Каравелов" Русе Регионална библиотека "Любен Каравелов" Русе Заемна - подръчен фонд 2007-06-12 Заемна - подръчен фонд 3.50 120000714506 П 329(497.2)(092)/Ж 48 120000714506 2 1.79 Дост: Pk Вид: Ф N: 5273 Дата: 08.06.2007 Дата инв: 02.02.2018 Бележки инв: П2018 Книги  
Изтеглен Не е изгубен Не е повреден без рестрикции заемане за дома 111265 Регионална библиотека "Любен Каравелов" Русе Регионална библиотека "Любен Каравелов" Русе Заемна - подръчен фонд 2007-06-12 Заемна - подръчен фонд 3.50 120000714507 П 329(497.2)(092)/Ж 48 120000714507 3 1.79 Дост: Pk Вид: Ф N: 5273 Дата: 08.06.2007 Дата инв: 02.02.2018 Бележки инв: П2018 Книги  
  Не е изгубен Не е повреден без рестрикции заемане за дома 111266 Регионална библиотека "Любен Каравелов" Русе Регионална библиотека "Любен Каравелов" Русе Заемна - подръчен фонд 2007-10-09 Заемна - подръчен фонд 3.50 120000717789 П 329(497.2)(092)/Ж 48 120000717789 4 1.79 Дост: Pk Вид: Ф N: 9216 Дата: 01.10.2007 Дата инв: 02.02.2018 Бележки инв: П2018 Книги  
  Не е изгубен Не е повреден само за читалня ползва се в читалня 111267 Регионална библиотека "Любен Каравелов" Русе Регионална библиотека "Любен Каравелов" Русе Хранилище 2007-10-09 Основен фонд - ползва се само за читалня 3.50 120000717790 Цб І 41113 120000717790 5 1.79 Дост: Pk Вид: Ф N: 9216 Дата: 01.10.2007 Дата инв: 02.02.2018 Бележки инв: П2018 Книги Universal Decimal Classification
Изтеглен Не е изгубен Не е повреден без рестрикции заемане за дома 111268 Регионална библиотека "Любен Каравелов" Русе Регионална библиотека "Любен Каравелов" Русе Заемна - подръчен фонд 2007-10-09 Заемна - подръчен фонд 3.50 120000717791 П 329(497.2)(092)/Ж 48 120000717791 6 1.79 Дост: Pk Вид: Ф N: 9216 Дата: 01.10.2007 Дата инв: 02.02.2018 Бележки инв: П2018 Книги  
  Не е изгубен Не е повреден без рестрикции заемане за дома 111269 Регионална библиотека "Любен Каравелов" Русе Регионална библиотека "Любен Каравелов" Русе Заемна - подръчен фонд 2007-10-09 Заемна - подръчен фонд 3.50 120000717792 П 329(497.2)(092)/Ж 48 120000717792 7 1.79 Дост: Pk Вид: Ф N: 9216 Дата: 01.10.2007 Дата инв: 02.02.2018 Бележки инв: П2018 Книги  
Изтеглен Не е изгубен Не е повреден без рестрикции заемане за дома 111270 Регионална библиотека "Любен Каравелов" Русе Регионална библиотека "Любен Каравелов" Русе Заемна - подръчен фонд 2007-10-09 Заемна - подръчен фонд 3.50 120000717793 П 329(497.2)(092)/Ж 48 120000717793 8 1.79 Дост: Pk Вид: Ф N: 9216 Дата: 01.10.2007 Дата инв: 22.01.2015 Бележки инв: П2015 Книги Universal Decimal Classification
Vip Innovations Ltd, Rousse, Bulgaria 2025